| 000 | 00351 a2200145 4500 | ||
|---|---|---|---|
| 001 | 155572 | ||
| 040 | _cEscola São Tomás de Aquino | ||
| 100 | _aHULLE, Cristina | ||
| 240 | 1 | 0 |
_aLigados.com língua portuguesa _lpor |
| 245 | 1 | 0 | _aLigados.com língua portuguesa |
| 362 | 0 | _a2015 | |
| 440 | 1 | _aSaraiva | |
| 697 | _aLíngua portuguesa | ||
| 942 | _cBK | ||
| 999 |
_c155572 _d155572 |
||